|
|
|
|
| LEADER |
00000nab a2200000 a 4500 |
| 001 |
vtls010730095 |
| 003 |
SK-MaSNL |
| 005 |
20260304191857.0 |
| 008 |
250709s1991 xo |||||||||||||||||slo| |
| 035 |
|
|
|a (urnnbn)urn:nbn:sk:snk:ar-a05620
|
| 035 |
|
|
|a (uuid)421c0af4-c380-4159-97ae-61ddc9a98540
|
| 035 |
|
|
|a urn:nbn:sk:snk-ab3sy7
|
| 040 |
|
|
|a SNKBUCL
|b slo
|c SNKBUCL
|e AACR2
|
| 041 |
0 |
|
|a slo
|
| 044 |
|
|
|a xo
|c SK
|
| 100 |
1 |
|
|a Černák, A.
|4 aut
|9 1143579
|
| 245 |
1 |
0 |
|a Imunologické aspekty u pacientov s nádorovým ochorením uveálneho traktu
|c A. Černák, A. Moravcová, F. Kalafut, J. Kusenda, Ľ. Novotná
|
| 700 |
1 |
|
|a Moravcová, A.
|4 aut
|9 1524735
|
| 700 |
1 |
|
|a Kalafut, F.
|4 aut
|9 1160128
|
| 700 |
1 |
|
|a Kusenda, J.
|4 aut
|9 790397
|
| 700 |
1 |
|
|a Novotná, Ľ.
|4 aut
|9 532238
|
| 773 |
0 |
|
|t Slovenský lekár
|g Roč. 1(15), č. 4 (1991), s. 16-23
|
| 850 |
|
|
|a Slovenská národná knižnica
|
| 852 |
|
|
|a Slovenská národná knižnica
|
| 954 |
|
|
|a odborná, vedecká literatúra pôvodná (slovenská)
|2 lita
|
| 958 |
|
|
|a article1
|
| 958 |
|
|
|a OND
|
| 958 |
|
|
|a EUIPO
|
| 999 |
|
|
|c 3057134
|d 3059064
|